000 01284cam a22002771 4500
001 sd 66000003
003 DLC
005 20260227112737.0
008 920420s1966 dcu f000 0 eng c
010 _asd 66000003
035 _a(OCoLC)25678467
040 _aU.S. Dept. of State. Library
_cDS
_dDS
_dDLC
050 0 0 _aHF1456 1966
_b.S6
100 1 _aSolomon, Anthony M.
245 1 0 _aChallenges and choices in U.S. trade policy.
260 _a[Washington]
_bDept. of State [Office of Media Services, Bureau of Public Affairs; for sale by the Superintendent of Documents, U.S. Govt. Print. Off.,
_c1966]
300 _a14 p.
_c26 cm.
490 1 _a[U.S.] Dept. of State. Publication
_v8002
490 1 _aGeneral foreign policy series,
_v209
500 _aTwo addresses: "Challenges facing United States trade policy" reprinted with minor editorial change from the Department of State Bulletin of November 15, 1965 and "East-West trade" from the Bulletin of November 8, 1965.
651 0 _aUnited States
_xCommercial policy.
650 0 _aEast-West trade.
710 1 _aUnited States.
_bDepartment of State.
_bOffice of Media Services.
830 0 _aDepartment of State publication ;
_v8002.
830 0 _aDepartment of State publication.
_pGeneral foreign policy series ;
_v209.
999 _c90105
_d90105